[Event "GER-chT U16 Girls"]
[Site "Magdeburg"]
[Date "2023.12.27"]
[Round "1.7"]
[White "Dhanasekaran Meenambigai, Diya"]
[Black "Nguyen, Jenny Ha Linh"]
[Result "0-1"]
[WhiteElo "1369"]
[BlackElo "1639"]
[PlyCount "72"]
[EventDate "2023.12.26"]
[EventType "team-swiss"]
[EventRounds "7"]
[EventCountry "GER"]
[SourceTitle "CB03_2024"]
[SourceDate "2024.01.17"]
[SourceVersion "1"]
[SourceVersionDate "2024.01.17"]
[SourceQuality "1"]
[WhiteTeam "Solingen"]
[BlackTeam "Leipzig SG"]
[WhiteTeamCountry "GER"]
[BlackTeamCountry "GER"]

1. d4 Nf6 2. Nc3 g6 3. e4 d6 4. Nf3 Bg7 5. Be2 0-0 6. 0-0 Nbd7 7. h3 e5 8. dxe5 Nxe5 9. Nxe5 dxe5 10. Be3 c6 11. a4 Qc7 12. Bf3 Be6 13. Qe2 h6 14. Rfd1 Nd7 15. Qd2 Kh7 16. Qd6 Qxd6 17. Rxd6 Nb6 18. b3 Rad8 19. Rad1 Bf6 20. Bc5 Rxd6 21. Rxd6 Be7 22. Rxe6 Bxc5 23. Rxe5 Bd4 24. Ra5 Bxc3 25. Rxa7 Rb8 26. Bg4 h5 27. Bf3 Nc8 28. Rxb7 Rxb7 29. e5 Ne7 30. Kf1 Bxe5 31. a5 Bc3 32. a6 Ra7 33. Be2 Nd5 34. Bc4 Nb4 35. Ke2 Kg7 36. h4 Kf6 0-1

[Event "GER-chT Lands U20"]
[Site "Hannover"]
[Date "2023.10.03"]
[Round "4"]
[White "Shevchenko, Igor1111"]
[Black "Nguyen, Jenny Ha Linh"]
[Result "1-0"]
[WhiteElo "1521"]
[BlackElo "1591"]
[PlyCount "111"]
[EventDate "2023.10.01"]
[EventType "team-swiss"]
[EventRounds "7"]
[EventCountry "GER"]
[SourceTitle "EXT 2024"]
[Source "ChessBase"]
[SourceDate "2023.10.10"]
[SourceVersion "1"]
[SourceVersionDate "2023.10.10"]
[SourceQuality "1"]

1. d4 Nf6 2. c4 g6 3. Nc3 Bg7 4. e4 d6 5. f3 0-0 6. Be3 e5 7. Nge2 Nbd7 8. Qd2 exd4 9. Nxd4 Ne5 10. Be2 a6 11. 0-0 Bd7 12. Rac1 Qe8 13. Nd5 Nxd5 14. cxd5 c5 15. dxc6 bxc6 16. Nb3 Qe7 17. Rfd1 Be6 18. Nd4 d5 19. Nxe6 Qxe6 20. exd5 cxd5 21. Qxd5 Qf6 22. b3 Rfe8 23. Qc5 Bf8 24. Qd4 a5 25. Bb5 Rad8 26. Qf4 Qxf4 27. Bxf4 Rxd1+ 28. Rxd1 Re6 29. Rd5 f6 30. Bd2 Nc6 31. Bc4 Kg7 32. Rxa5 Rd6 33. Rd5 Rxd5 34. Bxd5 Bc5+ 35. Kf1 Ne5 36. Ke2 Kf8 37. Bc3 Ke7 38. b4 Bg1 39. h3 Kd6 40. Bg8 h6 41. f4 Nd7 42. Bb3 g5 43. fxg5 hxg5 44. a4 Kc6 45. Kf3 Bh2 46. Ke4 Bd6 47. Kf5 Be7 48. Ke6 Bd8 49. b5+ Kc7 50. Ba5+ Nb6 51. Bc3 Nd7 52. Bd4 Kc8 53. Bd5 Nf8+ 54. Kf7 Nd7 55. Be6 Kc7 56. Bxd7 1-0

[Event "GER-ch U16 Girls"]
[Site "Willingen"]
[Date "2023.06.01"]
[Round "7"]
[White "Peglau, Dora"]
[Black "Nguyen, Jenny Ha Linh"]
[Result "1-0"]
[WhiteElo "2002"]
[BlackElo "1554"]
[PlyCount "101"]
[EventDate "2023.05.27"]
[EventType "swiss"]
[EventRounds "9"]
[EventCountry "GER"]
[SourceTitle "CBM 214 Extra"]
[Source "ChessBase"]
[SourceDate "2023.07.31"]
[SourceVersion "1"]
[SourceVersionDate "2023.07.31"]
[SourceQuality "1"]

1. d4 Nf6 2. Bg5 g6 3. Bxf6 exf6 4. e3 Bg7 5. c4 0-0 6. Nc3 d6 7. Bd3 Nc6 8. a3 Re8 9. Nge2 Bg4 10. 0-0 Bxe2 11. Nxe2 f5 12. b4 a6 13. Qb3 Qd7 14. c5 d5 15. a4 a5 16. b5 Ne7 17. b6 c6 18. Qc3 g5 19. Qd2 Qe6 20. Bc2 Ng6 21. Rae1 Qf6 22. Ng3 f4 23. Nh5 Qd8 24. exf4 Rxe1 25. Rxe1 gxf4 26. Bxg6 hxg6 27. Nxg7 Kxg7 28. Qxf4 Qb8 29. Qg5 Qd8 30. Qxd8 Rxd8 31. Re7 Rb8 32. f3 Kf6 33. Rc7 Ke6 34. Kf2 g5 35. h3 Kf6 36. f4 gxf4 37. Kf3 Kg6 38. Kxf4 Kf6 39. h4 Kg6 40. g4 Kf6 41. h5 Kg7 42. Kf5 Kg8 43. Kf6 Kf8 44. Rxf7+ Kg8 45. h6 Kh8 46. g5 Kg8 47. g6 Kh8 48. g7+ Kg8 49. Rf8+ Rxf8+ 50. gxf8Q+ Kxf8 51. h7 1-0

[Event "GER-ch U16 Girls"]
[Site "Willingen"]
[Date "2023.05.31"]
[Round "5"]
[White "Nguyen, Jenny Ha Linh"]
[Black "Braeutigam, Katerina"]
[Result "1-0"]
[WhiteElo "1554"]
[BlackElo "1956"]
[PlyCount "133"]
[EventDate "2023.05.27"]
[EventType "swiss"]
[EventRounds "9"]
[EventCountry "GER"]
[SourceTitle "CBM 214 Extra"]
[Source "ChessBase"]
[SourceDate "2023.07.31"]
[SourceVersion "1"]
[SourceVersionDate "2023.07.31"]
[SourceQuality "1"]

1. e4 c6 2. d4 d5 3. exd5 cxd5 4. c4 Nf6 5. Nc3 e6 6. Nf3 Bb4 7. Bd3 dxc4 8. Bxc4 0-0 9. 0-0 b6 10. Qb3 Nc6 11. d5 exd5 12. Nxd5 Bc5 13. Nxf6+ Qxf6 14. Bg5 Qg6 15. Bd3 Qh5 16. Bf4 Bb7 17. Be2 Rae8 18. Rfe1 Bb4 19. Qc2 Bxe1 20. Rxe1 Rc8 21. Qd2 Rfd8 22. Qe3 Qg6 23. Nh4 Qc2 24. Bg4 Ra8 25. Bc7 Rf8 26. Bd6 Qxb2 27. Bxf8 Rxf8 28. Nf5 h6 29. Qg3 Qf6 30. Ne3 Re8 31. Rd1 Ne5 32. Be2 Ng6 33. Bc4 Nf4 34. Bf1 Bc6 35. Ng4 Qg5 36. h4 Qc5 37. Qxf4 Qc2 38. Qd2 Qe4 39. f3 Qa4 40. Rc1 Bd7 41. Rc4 Qb5 42. Rd4 Qc5 43. Nf2 Be6 44. Ne4 Qe7 45. g3 Qc7 46. Qc3 Qb8 47. a3 Rc8 48. Qd2 Qc7 49. Kf2 Qe7 50. a4 Bb3 51. Qb4 Qe5 52. Rd2 Be6 53. Bb5 Qa1 54. Bd7 Bxd7 55. Rxd7 Qh1 56. Qd2 Qh2+ 57. Ke3 Qg1+ 58. Kf4 g5+ 59. hxg5 Qh1 60. Rd8+ Rxd8 61. Qxd8+ Kg7 62. Qf6+ Kg8 63. gxh6 Qc1+ 64. Kg4 Qc8+ 65. Kh4 Qf8 66. Ng5 Qb4+ 67. Kh3 1-0

[Event "GER-chT U14 Girls"]
[Site "Willingen"]
[Date "2021.06.24"]
[Round "1.7"]
[White "Nguyen, Jenny Ha Linh"]
[Black "Alferova, Emily"]
[Result "1/2-1/2"]
[WhiteElo "1368"]
[BlackElo "1365"]
[PlyCount "50"]
[EventDate "2021.06.23"]
[EventType "team-swiss"]
[EventRounds "7"]
[EventCountry "GER"]
[SourceTitle "EXT 2022"]
[Source "ChessBase"]
[SourceDate "2021.10.06"]
[SourceVersion "1"]
[SourceVersionDate "2021.10.06"]
[SourceQuality "1"]
[WhiteTeam "Leipzig SG "]
[BlackTeam "Garching"]
[WhiteTeamCountry "GER"]
[BlackTeamCountry "GER"]

1. e4 e5 2. Nf3 Nc6 3. Bc4 Bc5 4. 0-0 Nf6 5. d3 d6 6. c3 0-0 7. Re1 Be6 8. Bb5 a6 9. Ba4 b5 10. Bc2 Bb6 11. Nbd2 Ng4 12. Re2 h6 13. h3 Nf6 14. Nf1 Ne7 15. d4 Ng6 16. Be3 Rb8 17. Re1 Re8 18. Qe2 Qc8 19. Ng3 Bd7 20. Rac1 Bc6 21. d5 Bd7 22. Bxb6 Rxb6 23. Qd2 Nf4 24. Ne2 N6h5 25. Ng3 Nxg3 1/2-1/2

[Event "GER-chT U14 Girls"]
[Site "Willingen"]
[Date "2021.06.24"]
[Round "2.6"]
[White "Roncea, Andrea Alexandra"]
[Black "Nguyen, Jenny Ha Linh"]
[Result "1-0"]
[WhiteElo "1619"]
[BlackElo "1368"]
[PlyCount "119"]
[EventDate "2021.06.23"]
[EventType "team-swiss"]
[EventRounds "7"]
[EventCountry "GER"]
[SourceTitle "EXT 2022"]
[Source "ChessBase"]
[SourceDate "2021.10.06"]
[SourceVersion "1"]
[SourceVersionDate "2021.10.06"]
[SourceQuality "1"]
[WhiteTeam "Papenburg"]
[BlackTeam "Leipzig SG "]
[WhiteTeamCountry "GER"]
[BlackTeamCountry "GER"]

1. e4 e6 2. d4 d5 3. e5 c5 4. c3 Nc6 5. Nf3 Qb6 6. a3 cxd4 7. cxd4 f6 8. exf6 Nxf6 9. b4 Bd6 10. Bd3 Bd7 11. 0-0 0-0 12. Nc3 a6 13. Be3 Rac8 14. Rc1 Qc7 15. Re1 Ng4 16. h3 Nf6 17. Bb1 h6 18. Qd3 Be8 19. Bd2 Qd7 20. Ne5 Qe7 21. Nxd5 exd5 22. Nxc6 Qd7 23. Ne5 Qd8 24. Rxc8 Qxc8 25. Re3 Qc7 26. Rg3 Bxe5 27. dxe5 Qxe5 28. Bxh6 Rf7 29. Bg5 Ne4 30. Qe3 Qa1 31. Qc1 Nxg3 32. Bh7+ Kxh7 33. Qxa1 Ne4 34. Be3 Bc6 35. Qe5 Kg8 36. a4 Nf6 37. Bg5 Ne4 38. Bh4 Kh7 39. b5 axb5 40. axb5 Bxb5 41. Qxd5 Rf4 42. Qxb5 Rxh4 43. g3 Rh6 44. Qf5+ Kh8 45. Qxe4 Rxh3 46. Qxb7 Rh6 47. Kg2 Rf6 48. f4 Kh7 49. Kf3 Kg8 50. g4 Kf8 51. f5 Rf7 52. Qc8+ Ke7 53. Qc7+ Ke8 54. Qc6+ Kd8 55. Kf4 Rf6 56. Qd5+ Ke7 57. g5 Rf8 58. Qe6+ Kd8 59. Qg6 Rg8 60. Qf7 1-0

[Event "GER-chT U14 Girls"]
[Site "Neumuenster"]
[Date "2019.12.29"]
[Round "5.2"]
[White "Nguyen, Jenny Ha Linh"]
[Black "Alscher, Anouk"]
[Result "1/2-1/2"]
[WhiteElo "1387"]
[BlackElo "1110"]
[PlyCount "48"]
[EventDate "2019.12.27"]
[EventType "team-swiss"]
[EventRounds "7"]
[EventCountry "GER"]
[SourceTitle "CBM 194 Extra"]
[Source "ChessBase"]
[SourceDate "2020.03.31"]
[SourceVersion "1"]
[SourceVersionDate "2020.03.31"]
[SourceQuality "1"]
[WhiteTeam "Leipzig SG"]
[BlackTeam "Luebeck"]
[WhiteTeamCountry "GER"]
[BlackTeamCountry "GER"]

1. e4 e5 2. Nf3 Nc6 3. Bc4 Bc5 4. c3 Nf6 5. d3 d6 6. 0-0 0-0 7. Bb3 Bg4 8. Nbd2 Qd7 9. Re1 Rfe8 10. Nf1 h6 11. Ng3 Nh5 12. Nxh5 Bxh5 13. Be3 Bb6 14. Bxb6 cxb6 15. d4 Bxf3 16. gxf3 exd4 17. cxd4 Re7 18. Kh1 Rae8 19. a3 Kf8 20. d5 Na5 21. Ba2 b5 22. Qd3 b6 23. b4 Nb7 24. Re3 Re5 1/2-1/2

[Event "GER-chT U14 Girls"]
[Site "Neumuenster"]
[Date "2019.12.28"]
[Round "3.2"]
[White "Nguyen, Jenny Ha Linh"]
[Black "Evering, Enna"]
[Result "1-0"]
[WhiteElo "1387"]
[BlackElo "1556"]
[PlyCount "119"]
[EventDate "2019.12.27"]
[EventType "team-swiss"]
[EventRounds "7"]
[EventCountry "GER"]
[SourceTitle "CBM 194 Extra"]
[Source "ChessBase"]
[SourceDate "2020.03.31"]
[SourceVersion "1"]
[SourceVersionDate "2020.03.31"]
[SourceQuality "1"]
[WhiteTeam "Leipzig SG"]
[BlackTeam "Papenburg"]
[WhiteTeamCountry "GER"]
[BlackTeamCountry "GER"]

1. e4 e5 2. Nf3 Nc6 3. Bc4 Nf6 4. d3 Be7 5. c3 0-0 6. 0-0 d5 7. exd5 Nxd5 8. Re1 Bg4 9. Bb3 Re8 10. Bc2 Bf8 11. Nbd2 Nb6 12. Ne4 f6 13. Bb3+ Be6 14. Bxe6+ Rxe6 15. Qb3 Qe7 16. Nc5 Qxc5 17. Qxe6+ Kh8 18. Qb3 Qd6 19. Rd1 Rd8 20. Be3 Be7 21. Qc2 Nd5 22. d4 exd4 23. Bxd4 Nxd4 24. Nxd4 Qb6 25. Nf5 c6 26. Nxe7 Nxe7 27. Re1 Nd5 28. Re2 Nf4 29. Re4 Nd3 30. Re2 Nf4 31. Ree1 g6 32. Rad1 Rxd1 33. Qxd1 Nd5 34. Qd2 Kg7 35. h3 Qc7 36. Qe2 Qd6 37. c4 Nb6 38. b3 c5 39. Qe8 Kh6 40. Re7 Qd1+ 41. Kh2 Qd6+ 42. g3 Qd2 43. Re2 Qd4 44. Qe3+ Qxe3 45. Rxe3 Nc8 46. Re8 Nd6 47. Re7 f5 48. f3 b6 49. Rd7 Nc8 50. Rc7 Nd6 51. Rxa7 g5 52. Rc7 Ne8 53. Rc6+ Kg7 54. Rxb6 h6 55. a4 h5 56. a5 Kf8 57. a6 Nc7 58. a7 Ke8 59. Rb8+ Kd7 60. a8Q 1-0

[Event "GER-chT U14 Girls"]
[Site "Neumuenster"]
[Date "2018.12.29"]
[Round "5.3"]
[White "Nguyen, Jenny Ha Linh"]
[Black "Fritsch, Lea"]
[Result "0-1"]
[WhiteElo "1238"]
[BlackElo "1606"]
[PlyCount "106"]
[EventDate "2018.12.27"]
[EventType "team-swiss"]
[EventRounds "7"]
[EventCountry "GER"]
[SourceTitle "CBM 188 Extra"]
[Source "ChessBase"]
[SourceDate "2019.02.26"]
[SourceVersion "1"]
[SourceVersionDate "2019.02.26"]
[SourceQuality "1"]
[WhiteTeam "Leipzig SG"]
[BlackTeam "Halle USV"]
[WhiteTeamCountry "GER"]
[BlackTeamCountry "GER"]

1. e4 c5 2. c3 g6 3. d4 cxd4 4. cxd4 Bg7 5. Nf3 d6 6. Bb5+ Bd7 7. Bxd7+ Nxd7 8. Nc3 Ngf6 9. 0-0 0-0 10. h3 Rc8 11. Be3 Nb6 12. Nd2 Qd7 13. Rc1 Rc7 14. Qb3 Rfc8 15. Rc2 Nc4 16. Nxc4 Rxc4 17. Rfc1 b6 18. a3 Qc6 19. f3 Nd7 20. Rd1 Qb7 21. Rdd2 Nf8 22. Ne2 Rxc2 23. Rxc2 Ne6 24. Qd3 Rc7 25. Rc3 Qc8 26. Nf4 Rxc3 27. Qxc3 Qxc3 28. bxc3 Nc7 29. a4 b5 30. axb5 Nxb5 31. Bd2 Bh6 32. g3 e5 33. dxe5 dxe5 34. c4 Nd4 35. Be3 Nxf3+ 36. Kf2 exf4 37. gxf4 Bxf4 38. Bxf4 Nd4 39. Ke3 Nc6 40. e5 Kf8 41. Ke4 Ke7 42. Kd5 Kd7 43. Be3 h5 44. Bg5 a5 45. Bd2 a4 46. Bc1 Nb4+ 47. Kd4 a3 48. Kc3 Na2+ 49. Kc2 Nxc1 50. Kxc1 Kc6 51. Kc2 a2 52. Kb2 a1Q+ 53. Kxa1 Kc5 0-1

[Event "EU-chT U12 Girls"]
[Site "Bad Blankenburg"]
[Date "2018.07.16"]
[Round "7.2"]
[White "Ulrich, Helena Irene"]
[Black "Nguyen, Jenny Ha Linh"]
[Result "1-0"]
[WhiteElo "1249"]
[BlackElo "1354"]
[PlyCount "61"]
[EventDate "2018.07.12"]
[EventType "team-tourn"]
[EventRounds "10"]
[EventCountry "GER"]
[SourceTitle "EXT 2019"]
[Source "ChessBase"]
[SourceDate "2018.10.10"]
[SourceVersion "1"]
[SourceVersionDate "2018.10.10"]
[SourceQuality "1"]
[WhiteTeam "Germany U12 Girls III"]
[BlackTeam "Germany U12 Girls II"]
[WhiteTeamCountry "GER"]
[BlackTeamCountry "GER"]

1. e4 e6 2. Nf3 d5 3. e5 c5 4. b4 c4 5. a3 Bd7 6. d3 cxd3 7. cxd3 Nc6 8. d4 a6 9. Nbd2 f6 10. Bd3 Qc7 11. Bb2 fxe5 12. dxe5 Nge7 13. 0-0 Nf5 14. Rc1 Qb6 15. Nb3 Be7 16. Bxf5 exf5 17. Qxd5 Qb5 18. Qxb5 axb5 19. Nc5 Bxc5 20. Rxc5 0-0 21. Rxb5 Rab8 22. Rd5 Be6 23. Rd6 Rfe8 24. Ng5 Bc4 25. Rc1 Nxe5 26. Bxe5 Rxe5 27. f4 Re3 28. Rxc4 Rxa3 29. Rcd4 Raa8 30. Rd7 h6 31. Ne6 1-0

[Event "GER-ch U12 Girls"]
[Site "Willingen"]
[Date "2018.05.25"]
[Round "9"]
[White "Lorenz, Anouk"]
[Black "Nguyen, Jenny Ha Linh"]
[Result "1/2-1/2"]
[WhiteElo "1459"]
[BlackElo "1360"]
[PlyCount "40"]
[EventDate "2018.05.19"]
[EventType "swiss"]
[EventRounds "11"]
[EventCountry "GER"]
[SourceTitle "CBM 184 Extra"]
[Source "ChessBase"]
[SourceDate "2018.06.28"]
[SourceVersion "1"]
[SourceVersionDate "2018.06.28"]
[SourceQuality "1"]

1. e4 e6 2. d4 d5 3. Bd3 Nf6 4. e5 Nfd7 5. Bf4 c5 6. c3 Nc6 7. Nf3 Qb6 8. Bc2 cxd4 9. cxd4 Be7 10. 0-0 0-0 11. Nc3 Nb4 12. Be3 Nxc2 13. Qxc2 a6 14. Rfc1 Qa7 15. a4 Nb8 16. Na2 Nc6 17. Qd2 a5 18. Ne1 Bd7 19. Nc2 Rfc8 20. b3 Rab8 1/2-1/2

[Event "GER-ch U12 Girls"]
[Site "Willingen"]
[Date "2018.05.23"]
[Round "6"]
[White "Bress, Amy Charlize"]
[Black "Nguyen, Jenny Ha Linh"]
[Result "1-0"]
[WhiteElo "1519"]
[BlackElo "1360"]
[PlyCount "47"]
[EventDate "2018.05.19"]
[EventType "swiss"]
[EventRounds "11"]
[EventCountry "GER"]
[SourceTitle "CBM 184 Extra"]
[Source "ChessBase"]
[SourceDate "2018.06.28"]
[SourceVersion "1"]
[SourceVersionDate "2018.06.28"]
[SourceQuality "1"]

1. Nf3 Nf6 2. g3 g6 3. Bg2 Bg7 4. 0-0 0-0 5. d3 d6 6. e4 Nbd7 7. Nbd2 c5 8. Re1 Ne5 9. Qe2 Nfd7 10. c3 e6 11. Nxe5 Nxe5 12. f4 Nc6 13. Nc4 b5 14. e5 d5 15. Nd6 a6 16. Be3 Nxe5 17. fxe5 Bxe5 18. Nxc8 Qxc8 19. Kh1 Bg7 20. Qf2 c4 21. dxc4 bxc4 22. Re2 Rb8 23. Rf1 a5 24. Bc5 1-0

[Event "GER-ch U12 Girls"]
[Site "Willingen"]
[Date "2018.05.20"]
[Round "1"]
[White "Becker, Linda"]
[Black "Nguyen, Jenny Ha Linh"]
[Result "1-0"]
[WhiteElo "1641"]
[BlackElo "1360"]
[PlyCount "45"]
[EventDate "2018.05.19"]
[EventType "swiss"]
[EventRounds "11"]
[EventCountry "GER"]
[SourceTitle "CBM 184 Extra"]
[Source "ChessBase"]
[SourceDate "2018.06.28"]
[SourceVersion "1"]
[SourceVersionDate "2018.06.28"]
[SourceQuality "1"]

1. e4 e6 2. d4 d5 3. e5 c5 4. c3 Nc6 5. Nf3 Qb6 6. Bd3 cxd4 7. cxd4 Bd7 8. Bc2 Nge7 9. 0-0 Nf5 10. Bxf5 exf5 11. Nc3 Be6 12. Qd3 0-0-0 13. Bg5 Re8 14. a3 h6 15. Bd2 g5 16. b4 Be7 17. b5 Nd8 18. Rfc1 Nc6 19. bxc6 bxc6 20. Na4 Qc7 21. Qa6+ Kd7 22. Ba5 Qc8 23. Qxa7+ 1-0

[Event "GER-ch U10 Girls"]
[Site "Willingen"]
[Date "2017.06.08"]
[Round "8"]
[White "Nguyen, Jenny Ha Linh"]
[Black "Hubert, Charlotte"]
[Result "1-0"]
[WhiteElo "1102"]
[BlackElo "1028"]
[PlyCount "41"]
[EventDate "2017.06.04"]
[EventType "swiss"]
[EventRounds "11"]
[EventCountry "GER"]
[SourceTitle "CBM 178 Extra"]
[Source "ChessBase"]
[SourceDate "2017.06.22"]
[SourceVersion "1"]
[SourceVersionDate "2017.06.22"]
[SourceQuality "1"]

1. e4 e5 2. Nf3 Nf6 3. Nxe5 d6 4. Nf3 Nxe4 5. Nc3 Nxc3 6. dxc3 Nc6 7. Be3 Be7 8. Qd2 0-0 9. 0-0-0 a6 10. Bd3 b5 11. h4 Na5 12. h5 Bf6 13. Bg5 Bxg5 14. Nxg5 h6 15. Nf3 c5 16. g4 Bxg4 17. Qf4 Be6 18. Kb1 d5 19. Rdg1 Qb8 20. Qxh6 Rd8 21. Qxg7# 1-0